000 00270 a2200121 4500
999 _c327575
_d327575
001 92502
003 NUST
005 20180120144249.0
008 180120b xxu||||| |||| 00| 0 eng d
082 _a072.92/BAC
100 _aKristiane Backer
_99245
245 _aMTV Sa MECCA Tak
260 _aLahore
_bJumhoori
_c2016
300 _a400p.
942 _aCAE NUST
_cBK
_k072.92/BAC
_2ddc